Name that Flower - Statistics

General Stats
  • This quiz has been taken 34 times
  • The average score is 9 of 12
Answer Stats
Picture Answer % Correct
Rose
100%
Sunflower
100%
Tulip
97%
Daisy
93%
Dandelion
86%
Sakura
83%
Orchid
79%
Poppy
79%
Daffodil
69%
Water Lily
66%
Lotus
52%
Thistle
41%
No matching quizzes found
Score Distribution
Percent of People with Each Score
Percentile by Number Answered
Your Score History
You have not taken this quiz